Bienes

Detalles Bibliográficos
Otros Autores: Tavolari Oliveros, Ral︢
Formato: Desconocido
Lenguaje:español
Publicado: Chile : Jurd̕ica de Chile, 2010
Materias:
Acceso en línea:Acceso restringido

MARC

LEADER 00000ny a22000003n 4500
005 20110621124254.0
008 071017c2010 cl p s 0 spa d
022 |a 9789563370041  
035 |a 5274  
040 |a BUS  |d vlex 
090 |c 1268  |d 1268 
245 3 0 |a Bienes  |h [Recurso electrn̤ico]  |c Ral︢ Tavolari Oliveros (Director)  
256 |a Servicio en ln̕ea 
260 |a Chile :  |b Jurd̕ica de Chile,  |c 2010 
506 1 |a Contenido solo disponible en los productos indicados  |d vLex Global  |d vLex Global (Academic Edition, excluding Law Schools)  |d vLex Global (U.S. Academic Edition, Law Schools)  |d vLex Global (U.S. Academic Edition, excluding Law Schools)  |d vLex Global (Academic Edition, Law Schools) 
650 0 4 |a Bienes colectivos 
700 1 |a Tavolari Oliveros, Ral︢ 
740 0 |a vLex Libros (Servicios en ln̕ea) 
856 4 0 |z Acceso restringido  |u http://vlex.com/source/5274  
942 |c BOOK